[Event "Let's Play Chess!"]
[Site "http://www.queenalice.com/game.php?id=1866010"]
[Date "2025.11.22"]
[Round "-"]
[White "Capixaba789"]
[Black "Mlintz"]
[Result "0-1"]
[WhiteElo "1804"]
[BlackElo "1915"]

1. d4 e6 2. c4 c5 3. d5 exd5 4. Qxd5 Nf6 5. Qe5+ Be7 6. e3 Nc6 7. Qg3 O-O 8. Be2
d6 9. Nc3 a6 10. Bd2 Re8 11. h4 Bf8 12. Nf3 g6 13. O-O-O Bg7 14. h5 Nxh5 15.
Rxh5 gxh5 16. Rh1 Bg4 17. Bd3 Qf6 18. Bxh7+ Kxh7 19. Qxg4 Qg6 20. Rxh5+ Kg8 21.
Qxg6 fxg6 22. Rg5 Kf7 23. Nd5 Rh8 24. Nb6 Rae8 25. Rd5 Ke7 26. e4 Rh5 27. g3
Rxd5 28. exd5 Ne5 29. Ng5 Nd3+ 30. Kc2 Nxf2 31. Ne6 Be5 32. Bg5+ Kf7 33. Bh4 Ng4
34. Nd7 Ne3+ 35. Kd3 Nf5 36. Nxe5+ dxe5 37. Nxc5 Nxh4 38. Nxb7 e4+ 39. Ke2 Nf5
40. g4 Ng3+ 41. Ke1 Re7 42. Nd6+ Kf6 43. c5 e3 44. c6 Ne4 45. Nc8 Re8 46. Nb6
Nd6 47. Ke2 Kg5 48. a4 a5 49. Nd7 Kf4 0-1

[Event "Let's Play Chess!"]
[Site "http://www.queenalice.com/game.php?id=1866011"]
[Date "2025.11.22"]
[Round "-"]
[White "Mlintz"]
[Black "Capixaba789"]
[Result "1-0"]
[WhiteElo "1902"]
[BlackElo "1817"]

1. d4 d6 2. e4 f5 3. Nc3 Nf6 4. f3 fxe4 5. fxe4 e6 6. Bg5 Be7 7. Nf3 O-O 8. Qd2
Qe8 9. O-O-O Bd7 10. g3 a5 11. a3 Na6 12. Na2 c5 13. Bd3 b5 14. c3 c4 15. Bc2
Qd8 16. h4 Bc6 17. Rde1 Nc7 18. Bxf6 Bxf6 19. Rhf1 e5 20. dxe5 dxe5 21. Qe3 Ne6
22. Kb1 Qc8 23. Rd1 b4 24. cxb4 axb4 25. Nxb4 Bb5 26. Rg1 Nd4 27. Rde1 Nxc2 28.
Nxc2 Ba4 29. Nb4 Re8 30. Qc3 Bb3 31. Nd5 Bd8 32. Nxe5 Ba5 33. Nb4 Qc5 34. Nec6
Rac8 35. Nxa5 Qxa5 36. Nd5 Qc5 37. Nf4 Rxe4 38. Rgf1 Rxe1+ 39. Rxe1 Qf2 40. Ne6
Qf6 41. g4 Qxc3 42. bxc3 Re8 43. g5 g6 44. Re2 Rb8 45. Kc1 Ra8 46. Kb2 Re8 47.
Nd4 Rxe2+ 48. Nxe2 Kf7 49. Nd4 Bd1 50. Nc2 Bf3 51. a4 Ke6 52. Nd4+ 1-0

[Event "Let's Play Chess!"]
[Site "http://www.queenalice.com/game.php?id=1866033"]
[Date "2025.11.23"]
[Round "-"]
[White "Capixaba789"]
[Black "alterego"]
[Result "1-0"]
[WhiteElo "1865"]
[BlackElo "1536"]

1. d4 g6 2. e4 Bg7 3. c4 e6 4. f4 Ne7 5. Nf3 a6 6. Nc3 c6 7. Bd3 b5 8. c5 d5 9.
e5 O-O 10. O-O Nd7 11. Ng5 f6 12. Nxe6 Qa5 13. Nxf8 Nxf8 14. Qf3 fxe5 15. fxe5
Ne6 16. Qf7+ 1-0

[Event "Let's Play Chess!"]
[Site "http://www.queenalice.com/game.php?id=1866035"]
[Date "2025.11.23"]
[Round "-"]
[White "alterego"]
[Black "Capixaba789"]
[Result "0-1"]
[WhiteElo "1525"]
[BlackElo "1831"]

1. d4 d5 2. c4 g6 3. c5 Bg7 4. Nf3 Nf6 5. g3 O-O 6. Bg2 Nc6 7. Bd2 e6 8. b4 Bd7
9. a4 Ne4 10. Bf4 Nxb4 11. Qb3 a5 12. O-O c6 13. Ne5 Bc8 14. Nc3 f5 15. f3 Nf6
16. Rae1 Nd7 17. Nxd7 Bxd7 18. e4 dxe4 19. fxe4 Bxd4+ 20. Be3 Bg7 21. exf5 Nd5
22. Nxd5 exd5 23. fxg6 Rxf1+ 24. Rxf1 hxg6 25. Qd3 Bf5 26. Qb3 Qd7 27. Re1 Re8
28. h3 Bxh3 29. Bh1 Bf5 30. Rf1 Bf6 31. Bf4 Qg7 32. Bd2 Bd4+ 33. Kh2 Qh7+ 34.
Kg2 Qh3+ 0-1

[Event "AUTO-ADV-4885"]
[Site "http://www.queenalice.com/game.php?id=1866141"]
[Date "2025.11.25"]
[Round "2"]
[White "Capixaba789"]
[Black "mvson33"]
[Result "1-0"]
[WhiteElo "1750"]
[BlackElo "1865"]

1. d4 Nf6 2. Nc3 d5 3. f4 e6 4. Nf3 Bb4 5. Bd2 O-O 6. e3 Nc6 7. Bd3 b6 8. O-O
Bb7 9. Ne5 Qd6 10. Qe1 Qe7 11. a3 Bd6 12. Ne2 Rad8 13. Ng3 Nb8 14. Qf2 c5 15. c3
cxd4 16. exd4 Rc8 17. Rac1 Nbd7 18. Kh1 Rc7 19. f5 Nxe5 20. dxe5 Bxe5 21. fxe6
fxe6 22. Bf4 Bxf4 23. Qxf4 h6 24. Rce1 Rcc8 25. Nf5 Qc7 26. Qxc7 Rxc7 27. Ng3
Rcf7 28. Rxe6 Bc8 29. Re5 Bb7 30. Ref5 Ne4 31. Rxf7 Rxf7 32. Nxe4 dxe4 33. Bc4
1-0

[Event "AUTO-ADV-4885"]
[Site "http://www.queenalice.com/game.php?id=1866142"]
[Date "2025.11.25"]
[Round "2"]
[White "mvson33"]
[Black "Capixaba789"]
[Result "1/2-1/2"]
[WhiteElo "1883"]
[BlackElo "1725"]

1. Nf3 d6 2. e4 e5 3. Bc4 Be7 4. d4 exd4 5. Nxd4 Nf6 6. Nc3 O-O 7. O-O Bd7 8.
Bg5 c5 9. Nf3 Nc6 10. a3 Ne5 11. Nxe5 dxe5 12. Re1 Bc6 13. Qxd8 Raxd8 14. Rad1
Rxd1 15. Rxd1 Rd8 16. Rxd8+ Bxd8 17. f3 h6 18. Bh4 g5 19. Bf2 b6 20. Kf1 Bc7 21.
Ke2 Kf8 22. Kd3 Ke7 23. Nd5+ Nxd5 24. Bxd5 Bd7 25. Kc4 f6 26. c3 h5 27. b4 cxb4
28. cxb4 Be6 29. Bxe6 Kxe6 30. Kb5 Bb8 31. a4 Kd7 32. Ka6 Kc7 33. Be3 h4 34. Kb5
Kb7 35. Kc4 Kc6 36. Bf2 Bc7 37. a5 bxa5 38. bxa5 Bxa5 39. Bxa7 Bd8 40. Bc5
1/2-1/2

[Event "AUTO-ADV-4885"]
[Site "http://www.queenalice.com/game.php?id=1866143"]
[Date "2025.11.25"]
[Round "2"]
[White "Capixaba789"]
[Black "EdsonEstevam"]
[Result "1-0"]
[WhiteElo "1793"]
[BlackElo "1730"]

1. d4 d5 2. Nc3 Nf6 3. f4 Bg4 4. Nf3 Bxf3 5. exf3 Nc6 6. Be2 e6 7. O-O a6 8. Re1
Bb4 9. a3 Bxc3 10. bxc3 Nh5 11. f5 e5 12. dxe5 Ne7 13. Bd3 Qd7 14. g4 g6 15. f6
Nc6 16. gxh5 gxh5 17. Bh6 Qe6 18. Bg7 Rg8 19. Bxh7 Kd7 20. Qd3 Nxe5 21. Qe3 Rge8
22. Qf4 Qd6 23. Rab1 b5 24. Bf5+ Kc6 25. Red1 h4 26. h3 Rg8 27. Kh1 Rae8 28. Be4
Qd7 29. Bxd5+ Kb6 30. a4 Qxh3+ 31. Qh2 Qxh2+ 32. Kxh2 c6 33. Bb3 Nxf3+ 34. Kh3
Re2 35. Kg4 Re3 36. axb5 axb5 37. Kf4 Rxc3 38. Bxf7 Ra8 39. Bh5 Nh2 40. f7 Ra4+
41. Ke5 Re3+ 42. Kd6 1-0

[Event "AUTO-ADV-4885"]
[Site "http://www.queenalice.com/game.php?id=1866144"]
[Date "2025.11.25"]
[Round "2"]
[White "EdsonEstevam"]
[Black "Capixaba789"]
[Result "0-1"]
[WhiteElo "1749"]
[BlackElo "1764"]

1. e4 e5 2. Nf3 d6 3. Nc3 Nf6 4. Bc4 Be7 5. Ng5 O-O 6. d4 exd4 7. Qxd4 Nc6 8.
Qd2 Bg4 9. f3 Bh5 10. g4 Bg6 11. Qg2 a5 12. Bb5 Nd4 13. Ba4 c5 14. Be3 Ne6 15.
Bb3 Nxg5 16. Bxg5 Rb8 17. Bxf6 Bxf6 18. Qd2 b5 19. a3 b4 20. Nd5 Bxb2 21. Rb1
Bxa3 22. f4 Bxe4 23. Rg1 Re8 24. Kf2 Qh4+ 25. Kf1 Qh3+ 26. Ke1 Bxc2+ 27. Kf2
Qxh2+ 28. Rg2 Qh4+ 29. Kf1 Bxb1 30. Bc2 Bxc2 31. Ne3 Ba4 32. Nf5 Qh1+ 33. Kf2
Bc6 34. Ne3 Re4 35. Qxd6 Qh4+ 36. Rg3 Rbe8 37. Qd2 Rxe3 38. f5 Qxg3+ 39. Kf1
Re1+ 40. Qxe1 Rxe1# 0-1

[Event "Let's Play Chess!"]
[Site "http://www.queenalice.com/game.php?id=1866222"]
[Date "2025.11.29"]
[Round "-"]
[White "Capixaba789"]
[Black "alow_proton"]
[Result "0-1"]
[WhiteElo "1790"]
[BlackElo "1895"]

1. e4 c5 2. f4 e6 3. Nf3 Nc6 4. d3 d5 5. e5 Nge7 6. Be2 Nf5 7. O-O Be7 8. Bd2
O-O 9. Nc3 f6 10. exf6 Bxf6 11. Kh1 a6 12. Qe1 b5 13. a3 Ncd4 14. Nxd4 Nxd4 15.
Bg4 Qd6 16. Rc1 Bd7 17. b3 Rae8 18. Qg3 Be7 19. Ne2 Nf5 20. Qh3 Nh6 21. Bh5 Rd8
22. Qg3 Qc7 23. Qf2 Bh4 24. Qf3 Be7 25. Qg3 Nf5 26. Qe1 Bh4 27. Qd1 c4 28. dxc4
bxc4 29. bxc4 Qxc4 30. Bf3 Be7 31. Ba5 Ne3 32. Qd3 Nxf1 33. Qxc4 dxc4 34. Bxd8
Rxd8 35. Rxf1 Bb5 36. Bg4 Kf7 37. f5 e5 38. Nc3 Bxa3 39. Bh5+ Kf6 40. Ne4+ Ke7
41. h3 Rd4 42. Ng5 Bb2 43. Nxh7 Rd2 44. Ng5 Bc6 45. Bf3 Bxf3 46. Nxf3 Rxc2 47.
Re1 Kf6 48. g4 a5 0-1

[Event "Let's Play Chess!"]
[Site "http://www.queenalice.com/game.php?id=1866488"]
[Date "2025.12.4"]
[Round "-"]
[White "alow_proton"]
[Black "Capixaba789"]
[Result "1-0"]
[WhiteElo "1931"]
[BlackElo "1761"]

1. e4 Nf6 2. e5 Nd5 3. c4 Nb6 4. Nf3 e6 5. Be2 d5 6. cxd5 Nxd5 7. Nc3 Be7 8. a3
c6 9. d4 Nd7 10. O-O Nf8 11. Bd3 Ng6 12. g3 O-O 13. Ne4 f5 14. Neg5 Bxg5 15.
Bxg5 Qe8 16. Bd2 Bd7 17. b4 f4 18. Kg2 fxg3 19. fxg3 b5 20. Qe2 a6 21. Rf2 Bc8
22. Raf1 Bb7 23. Ng5 Rxf2+ 24. Qxf2 c5 25. Be4 c4 26. Kg1 Rb8 27. Nf7 Nde7 28.
Bxb7 Rxb7 29. Nd6 Qb8 30. Nxb7 Qxb7 31. Qf7+ Kh8 32. Qxe6 h6 33. Qg4 Kh7 34. Rf7
Qc7 35. Bc3 1-0

[Event "Let's Play Chess!"]
[Site "http://www.queenalice.com/game.php?id=1866489"]
[Date "2025.12.4"]
[Round "-"]
[White "Capixaba789"]
[Black "alow_proton"]
[Result "0-1"]
[WhiteElo "1768"]
[BlackElo "1904"]

1. e4 c5 2. d3 Nc6 3. f4 e5 4. Nf3 d6 5. Be2 Nf6 6. f5 d5 7. O-O dxe4 8. dxe4
Nxe4 9. Qe1 Nd6 10. Nc3 Bxf5 11. Bg5 f6 12. Bh4 Bxc2 13. Rc1 Bg6 14. Nb5 a6 15.
Na3 Qb6 16. Bf2 Ne4 17. b3 Nxf2 18. Qxf2 Be7 19. Nc4 Qc7 20. Kh1 O-O 21. Rcd1
Rfd8 22. Rxd8+ Rxd8 23. Rd1 b5 24. Rxd8+ Qxd8 25. Nb2 Nd4 26. Nxd4 Qxd4 27. Qxd4
exd4 0-1